A jövő évi Szabadtéri Játékok előkészületeiről tárgyalt tegnap a városi tanács végrehajtó bizottsága
Elmentve itt :
| Dokumentumtípus: | Cikk |
|---|---|
| Megjelent: |
1959-11-20
|
| Sorozat: | Délmagyarország
15 No. 273 |
| Kulcsszavak: | Szabadtéri Játékok, Szabadtéri Játékok Szeged 1960 |
| Online Access: | http://dmarchiv.bibl.u-szeged.hu/77679 |
| LEADER | 00528nab a2200145 i 4500 | ||
|---|---|---|---|
| 001 | delm77679 | ||
| 005 | 20180928084348.0 | ||
| 008 | 180928s1959 hu o 0|| hun d | ||
| 040 | |a SZTE Délmagyarország Archívum |b hun | ||
| 041 | |a hun | ||
| 245 | 0 | 2 | |a A jövő évi Szabadtéri Játékok előkészületeiről tárgyalt tegnap a városi tanács végrehajtó bizottsága |h [elektronikus dokumentum] |
| 260 | |c 1959-11-20 | ||
| 300 | |a 3 | ||
| 490 | 0 | |a Délmagyarország |v 15 No. 273 | |
| 695 | |a Szabadtéri Játékok, Szabadtéri Játékok Szeged 1960 | ||